[Event "Heusenstamm Sparkassen op-B 9th"]
[Site "Heusenstamm"]
[Date "2023.11.23"]
[Round "1"]
[White "Heller, Holger"]
[Black "Pishnograev, Ilya"]
[Result "0-1"]
[WhiteElo "1547"]
[BlackElo "1300"]
[PlyCount "78"]
[EventDate "2023.11.23"]
[EventType "swiss"]
[EventRounds "7"]
[EventCountry "GER"]
[SourceTitle "EXT 2025"]
[Source "ChessBase"]
[SourceDate "2024.10.14"]
[SourceVersion "1"]
[SourceVersionDate "2024.10.14"]
[SourceQuality "1"]

1. d4 Nf6 2. c4 e6 3. Nc3 Bb4 4. a3 Bxc3+ 5. bxc3 0-0 6. Bg5 h6 7. Bh4 d5 8. e3 Re8 9. Nf3 Nbd7 10. cxd5 exd5 11. Bb5 c6 12. Bd3 c5 13. 0-0 c4 14. Bc2 Qc7 15. Bg3 Qc6 16. Nd2 Ne4 17. Nxe4 dxe4 18. f3 Nf6 19. Be5 Nd5 20. Bxe4 f5 21. Bxd5+ Qxd5 22. Qe1 Bd7 23. e4 Qf7 24. Qg3 Rac8 25. Bf4 g5 26. e5 Kh7 27. Bd2 f4 28. Qe1 Bf5 29. Qc1 Bd3 30. Re1 Rc6 31. Ra2 Rb6 32. Rb2 Rb3 33. h4 Qh5 34. hxg5 hxg5 35. Kf2 Qh4+ 36. Kg1 Kg6 37. Bxf4 Rxb2 38. Bxg5 Qf2+ 39. Kh1 Qxg2# 0-1

[Event "Heusenstamm Sparkassen op-B 6th"]
[Site "Heusenstamm"]
[Date "2019.11.21"]
[Round "1"]
[White "Gnandt, Michael"]
[Black "Heller, Holger"]
[Result "1-0"]
[WhiteElo "1434"]
[BlackElo "1722"]
[PlyCount "115"]
[EventDate "2019.11.21"]
[EventType "swiss"]
[EventRounds "7"]
[EventCountry "GER"]
[SourceTitle "CBM 194 Extra"]
[Source "ChessBase"]
[SourceDate "2020.03.31"]
[SourceVersion "1"]
[SourceVersionDate "2020.03.31"]
[SourceQuality "1"]

1. e4 e5 2. Nf3 d6 3. Bc4 Be7 4. c3 Nf6 5. d3 Bg4 6. h3 Bh5 7. Be3 Nbd7 8. Nbd2 0-0 9. d4 c6 10. Be2 Bg6 11. Bd3 exd4 12. cxd4 d5 13. Qc2 dxe4 14. Nxe4 Nxe4 15. Bxe4 Bb4+ 16. Nd2 Bxe4 17. Qxe4 Re8 18. Qd3 Nf6 19. 0-0 Nd5 20. Nb3 Nxe3 21. fxe3 Qc7 22. Rf3 Re7 23. Raf1 Rae8 24. Qc4 a5 25. Qd3 f6 26. Rc1 Kf8 27. d5 Qd6 28. a3 a4 29. axb4 axb3 30. Rc5 g6 31. Qxb3 cxd5 32. Rxd5 Qc6 33. Rc5 Qd6 34. Qc3 Rf7 35. Rc8 Rxc8 36. Qxc8+ Kg7 37. Qc3 Qe5 38. Rf2 Rd7 39. Qxe5 fxe5 40. Rc2 b6 41. Kf2 Kf7 42. Kf3 Ke6 43. Rc6+ Rd6 44. b5 Kd5 45. e4+ Ke6 46. Kg4 h6 47. h4 Ke7 48. h5 Rd2 49. Rxg6 Rxg2+ 50. Kf5 Rxb2 51. Rxb6 Kf7 52. Kxe5 Kg7 53. Rb7+ Kg8 54. Kf6 Rg2 55. b6 Rg5 56. Rb8+ Kh7 57. b7 Rb5 58. e5 1-0